000 00210 a2200097 4500
001 3349
100 _aPringle, P
245 _aGreat discoverers in modern science
260 _a
_bHarap
_c
090 _c2627
_d2627
942 _aNUST-CAE
_cM
_c18080
999 _c238422
_d238422